000 00886cam a2200289 i 4500
999 _c3522
_d3522
003 OSt
005 20211119120931.0
008 780329s1978 nyua b 001 0 eng
020 _a0808910779
040 _cDLC
050 0 0 _aRD605
_b.M47 1978
060 _aWO500.3 M587
245 0 0 _aMetabolic surgery /
_cedited by Henry Buchwald, Richard L. Varco.
260 _aNew York :
_bGrune & Stratton,
_cc1978.
300 _axii, 317 p. :
_bill. ;
_c24 cm.
440 0 _aModern surgical monographs
504 _aIncludes bibliographies and index.
650 0 _aMetabolism
_xDisorders
_xSurgery.
650 0 _aDigestive organs
_xSurgery.
650 2 _aSurgery, Operative.
650 2 _aObesity
_xSurgery.
650 2 _aMetabolism.
700 1 _aBuchwald, Henry.
700 1 _aVarco, Richard Lynn,
_d1912-
906 _a7
_bcbc
_corignew
_d1
_eocip
_f19
_gy-gencatlg
942 _2lcc
_cBK
_nSO